|
|
|
|
| LEADER |
01030nam a2200277 i 4500 |
| 001 |
publ29550 |
| 005 |
20240215082954.0 |
| 008 |
240215s2022 hu o 000 hun d |
| 020 |
|
|
|a 9786158199186
|
| 024 |
7 |
|
|a 32710746
|2 mtmt
|
| 040 |
|
|
|a SZTE Publicatio Repozitórium
|b hun
|
| 041 |
|
|
|a hun
|
| 041 |
|
|
|a eng
|
| 100 |
1 |
|
|a Jancsó András
|
| 245 |
1 |
0 |
|a Ütközéspontok VIII.
|h [elektronikus dokumentum] :
|b A Doktoranduszok Országos Szövetsége Filozófiatudományi Osztály konferenciájának kötete /
|c Jancsó András
|
| 260 |
|
|
|a Association of Hungarian PHD and DLA Students
|b Budapest
|c 2022
|
| 300 |
|
|
|a 212
|
| 650 |
|
4 |
|a Filozófia, etika és vallástudományok
|
| 700 |
0 |
1 |
|a Nemes Márk
|e aut
|
| 700 |
0 |
1 |
|a Szabó Annamária
|e aut
|
| 700 |
0 |
1 |
|a Csornay Annamária
|e aut
|
| 700 |
0 |
1 |
|a Fenyvesi Boglárka
|e aut
|
| 700 |
0 |
1 |
|a Furtado Renáta
|e aut
|
| 700 |
0 |
1 |
|a Szűcs Bernadett
|e aut
|
| 700 |
0 |
1 |
|a Tegzes Nóra
|e aut
|
| 856 |
4 |
0 |
|u http://publicatio.bibl.u-szeged.hu/29550/1/Utkozespontok-VIII-vegleges.pdf
|z Dokumentum-elérés
|